Online
Catalog

Hacia los orígenes : (Record no. 36427)

MARC details
000 -CABECERA
campo de control de longitud fija 00475nam a2200157 a 4500
001 - NÚMERO DE CONTROL
campo de control 000036937
005 - FECHA Y HORA DE LA ÚLTIMA TRANSACCIÓN
campo de control 20200930080031.0
008 - DATOS DE LONGITUD FIJA--INFORMACIÓN GENERAL
campo de control de longitud fija 120207s19uu 000 0 spa d
020 ## - NÚMERO INTERNACIONAL ESTÁNDAR DEL LIBRO
Número Internacional Estándar del Libro 0984063943
040 ## - FUENTE DE LA CATALOGACIÓN
Centro catalogador/agencia de origen DO-SdBNP
Lengua de catalogación spa
Centro/agencia transcriptor BNPHU
082 ## - NÚMERO DE LA CLASIFICACIÓN DECIMAL DEWEY
Número de clasificación xxxx
Número de documento/Ítem xxxx
100 1# - ENTRADA PRINCIPAL--NOMBRE DE PERSONA
Nombre de persona Ramos, Marcos Antonio
9 (RLIN) 34254
245 10 - MENCIÓN DE TÍTULO
Título Hacia los orígenes :
Resto del título dominicanos en la historia de cuba /
Mención de responsabilidad, etc. Marcos Antonio Ramos.
260 ## - PUBLICACIÓN, DISTRIBUCIÓN, ETC.
Lugar de publicación, distribución, etc. [s.l.],
Fecha de publicación, distribución, etc. [s.e.].
-- [s. f.].
300 ## - DESCRIPCIÓN FÍSICA
Extensión 94 p. :
Otras características físicas il ;
Dimensiones 22 cm.
Holdings
Estado de retiro Estado de pérdida Restricciones de uso No para préstamo Código de colección Localización permanente Ubicación/localización actual Ubicación en estantería Fecha de adquisición Número de inventario Total de préstamos Signatura topográfica completa Código de barras Fecha visto por última vez Precio válido a partir de Tipo de ítem Koha
      Excluido de préstamo Monografías: Libros y Folletos General General Depósito 07.02.2012 LF1   xxxx xxxx 36937-10 25.06.2020 25.06.2020 No se presta

Powered by Koha